000 00753nam a22002177a 4500
999 _c16469
_d16469
003 AR-CdUCM
008 190503b ||||| |||| 00| 0 spa d
040 _aMUNICIPALIDAD PROVINCIAL DEL CUSCO
_cBIBLIOTECA MUNICIPAL DEL CUSCO
082 _a985061 /
_bT48
100 _aThorndike Losada, Guillermo,
_916091
245 _a1879 /
260 _aLima :
_bLibrei.1,
_c1977.
300 _a435 paginas ;
_bIlustraciones,
_c21 cm.
505 _aContenido : Lima 4 de abril -- Carboneras al tope - Estado de guerra -- La hora mas negra -- Iquique 5 de abril ...
650 _aPerú
_935
650 _aCombate de Pisagua
_935927
650 _aFiesta en Arica
_935928
650 _aDía del almirante
_935929
942 _2ddc
_cLIBROS
945 _awnts
_d2019-05-3